000 00602nam a2200205Ii 4500
001 7783
003 CO-ViMGA
008 241108s9999||||xx |||||||||||||| ||und||
040 _aCO-ViMGA
_bspa
_erda
_cCO-ViMGA
041 0 _aunk
084 _aN-A653
100 1 _aElizabeth Azcona Cranwell
_954298
245 1 0 _aLa vuelta de los equinoccios
264 1 _a[Lugar de publicación no identificado] : Losada, 1971
300 _avolumen
336 _atext
_btxt
_2rdacontent
337 _aunmediated
_bn
_2rdamedia
338 _avolume
_bnc
_2rdacarrier
940 _aidficha_siabuc: 7608. -- ficha_no_siabuc:7783
999 _c51235
_d51235